Normal view
MARC view
Entry Personal Name
001 - CONTROL NUMBER
- control field: 9539
003 - CONTROL NUMBER IDENTIFIER
- control field: AUA.1
005 - DATE AND TIME OF LATEST TRANSACTION
- control field: 20111027111313.0
008 - FIXED-LENGTH DATA ELEMENTS
- fixed length control field: 111027|||a|||||| | ||| d
040 ## - CATALOGING SOURCE
- Original cataloging agency: AUA.1
- Transcribing agency: AUA.1
100 ## - HEADING--PERSONAL NAME
- Personal name: Bryant, Charles V.,
- Dates associated with a name: 1930-
670 ## - SOURCE DATA FOUND
- Source citation: Work cat.: (AUA.1)0: Bryant, Charles V., 1930-, Rediscovering the charismata :, c1986.